000 00522nam a2200181Ia 4500
999 _c36659
_d36659
003 OSt
005 20201215103526.0
008 190216s9999||||xx |||||||||||||| ||und||
020 _a9788178240107
040 _coclc
082 _a720
_bJUN/A
100 _aJuneja, Monica
_97497
245 0 _aArchitecture In Medieval India /
_cMonica Juneja
260 _bPermanent Black Publications,
_c2001.
_aDelhi:
300 _a640p
650 _aMedieval India
942 _cREF
_2ddc
_h720
_iJUN/A
_k720
_mJUN/A